| 000 | 00718nam a2200241Ia 4500 | ||
|---|---|---|---|
| 005 | 20260429111921.0 | ||
| 008 | 260429s9999||||xx |||||||||||||| ||und|| | ||
| 020 | _a9783031352935 | ||
| 041 | _aEnglish | ||
| 082 |
_a658.15 _bKOS |
||
| 100 | _aKöseoğlu, Sinem Derindere | ||
| 245 | 0 |
_aPractical guide for startup valuation : _ban analytic approach / _cSinem Derindere Köseoğlu |
|
| 250 | _a1st ed. | ||
| 260 |
_aSwitzerland : _bSpringer, _c2023. |
||
| 300 | _axv, 296 p.; pbk | ||
| 440 | _aContributions to Finance and Accounting | ||
| 650 | _a Entrepreneurship | ||
| 650 | _a Financial analysis | ||
| 650 | _a Startups | ||
| 650 | _a Venture capital | ||
| 650 | _aBusiness valuation | ||
| 942 | _cTB | ||
| 999 |
_c51419 _d51419 |
||